Mass communication : (Record no. 10141)

MARC details
000 -LEADER
fixed length control field 00639cam a2200217 4500
001 - CONTROL NUMBER
control field 8348
005 - DATE AND TIME OF LATEST TRANSACTION
control field 20250310145038.0
008 - FIXED-LENGTH DATA ELEMENTS--GENERAL INFORMATION
fixed length control field 020215s2003 caua b 001 0 eng
010 ## - LIBRARY OF CONGRESS CONTROL NUMBER
LC control number 2002102411
020 ## - INTERNATIONAL STANDARD BOOK NUMBER
International Standard Book Number 9789354660177
082 00 - DEWEY DECIMAL CLASSIFICATION NUMBER
Classification number 302.2 HAS
Edition number 3rd ed.
100 1# - MAIN ENTRY--PERSONAL NAME
Personal name Hasan, Seema.
245 10 - TITLE STATEMENT
Title Mass communication :
Remainder of title principles and concepts /
Statement of responsibility, etc. Hasan, Seema.
250 ## - EDITION STATEMENT
Edition statement 3rd ed.
260 ## - PUBLICATION, DISTRIBUTION, ETC.
Place of publication, distribution, etc. New Delhi :
Name of publisher, distributor, etc. CBS Publishers,
Date of publication, distribution, etc. 2022.
300 ## - PHYSICAL DESCRIPTION
Extent ix, 857 p. :
Other physical details ill. ;
Dimensions 28 cm.
440 #0 - SERIES STATEMENT/ADDED ENTRY--TITLE
Title Mass communication.
504 ## - BIBLIOGRAPHY, ETC. NOTE
Bibliography, etc. note Includes bibliographical references and indexes.
650 #0 - SUBJECT ADDED ENTRY--TOPICAL TERM
Topical term or geographic name entry element Mass communication.
942 ## - ADDED ENTRY ELEMENTS (KOHA)
Source of classification or shelving scheme Dewey Decimal Classification
Koha item type Main
Holdings
Withdrawn status Lost status Source of classification or shelving scheme Damaged status Not for loan Collection code Home library Current library Shelving location Date acquired Inventory number Full call number Barcode Date last seen Price effective from Koha item type Total Checkouts
    Dewey Decimal Classification     Main TEST RTC Library RTC Library Main opac 10/03/2025 19154 302.2 HAS C1 30020314 10/03/2025 10/03/2025 Main  
    Dewey Decimal Classification     Main TEST RTC Library RTC Library Main opac 10/03/2025 19153 302.2 HAS c2 30020313 10/03/2025 10/03/2025 Main  
    Dewey Decimal Classification     Main TEST RTC Library RTC Library Main opac 10/03/2025 19153 302.2 HAS C3 30020312 10/03/2025 10/03/2025 Main  
Royal Thimphu College || All Right Reserved